Thermal degradation of polythiophene-natural rubber and polythiophene-synthetic rubber conducting polymer composites (Record no. 71217)

MARC details
000 -LEADER
fixed length control field 00530nam a2200181Ia 4500
100 ## - MAIN ENTRY--AUTHOR NAME
Personal name Hacaloglu J
245 #0 - TITLE STATEMENT
Title Thermal degradation of polythiophene-natural rubber and polythiophene-synthetic rubber conducting polymer composites
260 ## - PUBLICATION, DISTRIBUTION, ETC. (IMPRINT)
Name of publisher Polymer
Year of publication 1997
300 ## - PHYSICAL DESCRIPTION
Number of Pages 5119-5124
650 ## - SUBJECT ADDED ENTRY--TOPICAL TERM
Topical Term Conducting polymers
650 ## - SUBJECT ADDED ENTRY--TOPICAL TERM
Topical Term Polythiophene-rubber composites
650 ## - SUBJECT ADDED ENTRY--TOPICAL TERM
Topical Term Pyrolysis
700 ## - ADDED ENTRY--PERSONAL NAME
Personal name Akbulut U
700 ## - ADDED ENTRY--PERSONAL NAME
Personal name Toppare L
700 ## - ADDED ENTRY--PERSONAL NAME
Personal name Yigit S
942 ## - ADDED ENTRY ELEMENTS (KOHA)
Koha item type Journals
Holdings
Withdrawn status Lost status Damaged status Not for loan Home library Current library Shelving location Date acquired Serial Enumeration / chronology Koha item type
      Journals RRII Library RRII Library Rubber chemistry 17/12/2021 Volume 38, Issue 20 Journals